01018nam a22002537a 450000500170000001000130001702000220003003500130005203700160006504000120008108200160009310000250010924500700013426000430020427000560024730000220030350000520032565000300037765000500040794200250045799900190048295201350050195201280063620170124110042.0 aA-949808 c00.00a8122410340 aA-949808 bCen Lib/Ret aDPLbEN a519.72bSHE aShenoy, G. V.923840 aLinear programming :cby G. V. Shenoybmethods and applications / c1998aNew DelhibNew Age International bNew Delhia4831/24, Ansari Road, Darya Ganje110002 ax,223p.c23cm(Hb) aIncludes bibliographical references and index  aLinear programming923841 aLinear programming--Study and teaching923842 2ddccENh519.72mSHE c128590d128590 00104070aLbLd2015-07-02eCen Lib/Retg0.00l1o519.72 SHEpA-949808r2019-02-13 00:00:00s2019-01-25t1v0.00w2015-07-02yEN 001040718REFaLbLd2015-07-29eCen Lib/Retg0.00l0o519.72 SHEpA-949809r2015-07-29 00:00:00t2v0.00w2015-07-29yEN